[Event "Oviedo op 8th"]
[Site "Oviedo"]
[Date "2022.07.23"]
[Round "9"]
[White "Florit Florit, Fernando"]
[Black "Diaz Hevia, Nicolas"]
[Result "0-1"]
[WhiteElo "1134"]
[BlackElo "1530"]
[PlyCount "124"]
[EventDate "2022.07.17"]
[EventType "swiss"]
[EventRounds "9"]
[EventCountry "ESP"]
[SourceTitle "CBM 209 Extra"]
[Source "ChessBase"]
[SourceDate "2022.09.30"]
[SourceVersion "1"]
[SourceVersionDate "2022.09.30"]
[SourceQuality "1"]

1. e4 c5 2. Nf3 e6 3. d4 cxd4 4. Nxd4 a6 5. Nc3 Qc7 6. Be3 Bb4 7. Qd2 Nf6 8. f3 Bxc3 9. Qxc3 Qxc3+ 10. bxc3 d6 11. 0-0-0 d5 12. e5 Nfd7 13. f4 Nc6 14. c4 Nxd4 15. Bxd4 dxc4 16. Bxc4 b5 17. Bb3 Bb7 18. Rhg1 0-0 19. g4 a5 20. a4 Bc6 21. axb5 Bxb5 22. f5 Rfe8 23. fxe6 fxe6 24. h4 Rac8 25. Kb2 a4 26. Ba2 Bc4 27. c3 Rb8+ 28. Ka3 Bxa2 29. Kxa2 Nb6 30. Bxb6 Rxb6 31. Rb1 Rc6 32. Rbc1 Rec8 33. Rg3 Rc4 34. h5 Re4 35. Ka3 Rxe5 36. Kxa4 Rb8 37. c4 Rc5 38. Rb3 Rbc8 39. Kb4 Re5 40. Rd3 Re4 41. Rd6 Kf8 42. g5 Ke7 43. Rb6 Rc7 44. Rb5 Re2 45. c5 h6 46. g6 e5 47. c6 Kd6 48. Rbc5 Rb2+ 49. Kc3 Rb6 50. Kd3 Rbxc6 51. Rxc6+ Rxc6 52. Re1 Kd5 53. Rf1 e4+ 54. Ke3 Rc3+ 55. Kf4 e3 56. Re1 Kd4 57. Kf3 e2+ 58. Kxe2 Re3+ 59. Kf2 Rxe1 60. Kxe1 Ke4 61. Kf2 Kf4 62. Kg2 Kg4 0-1

[Event "Oviedo op 8th"]
[Site "Oviedo"]
[Date "2022.07.22"]
[Round "8"]
[White "Diaz Hevia, Nicolas"]
[Black "Perez Pardo, Ricardo1111"]
[Result "0-1"]
[WhiteElo "1530"]
[BlackElo "1704"]
[PlyCount "96"]
[EventDate "2022.07.17"]
[EventType "swiss"]
[EventRounds "9"]
[EventCountry "ESP"]
[SourceTitle "CBM 209 Extra"]
[Source "ChessBase"]
[SourceDate "2022.09.30"]
[SourceVersion "1"]
[SourceVersionDate "2022.09.30"]
[SourceQuality "1"]

1. c4 f5 2. Nc3 Nf6 3. g3 g6 4. Bg2 Bg7 5. d4 0-0 6. e3 d6 7. Nge2 e5 8. 0-0 Nc6 9. Rb1 a5 10. a3 Ne7 11. b4 e4 12. d5 Ng4 13. Qb3 Ne5 14. Rd1 g5 15. Nb5 a4 16. Qc2 Bd7 17. Nbd4 Qe8 18. Bb2 Qh5 19. Rbc1 Nf3+ 20. Bxf3 exf3 21. Nxf3 Qxf3 22. Bxg7 Kxg7 23. Nd4 Qe4 24. Qc3 Kg8 25. f4 Rae8 26. Rf1 g4 27. Rcd1 Ng6 28. Nc2 h5 29. c5 Bb5 30. Rfe1 Qc4 31. Qxc4 Bxc4 32. Rd4 Bb3 33. Na1 Re4 34. Rxe4 fxe4 35. Nxb3 axb3 36. Rb1 Rf5 37. Rxb3 Rxd5 38. cxd6 cxd6 39. Rc3 b5 40. Kf1 Kf7 41. Ke2 h4 42. Rc6 h3 43. Ra6 Ne7 44. Ra7 Kf6 45. Rb7 Nf5 46. Rb8 Nxg3+ 47. hxg3 Rh5 48. f5 h2 0-1